000 01025nam a2200229Ia 4500
001 18050
003 GE_BSU
008 181216s||||||||xx |||||||||||||| ||und||
040 _cGE_BSU
080 _a81'1(063)
245 _aენათმეცნიერების ინსტიტუტის შრომები I
245 _bაღმოსავლურ ენათა სერია
245 _cრედ. გ. წერეთელი
250 _aსაქ. სსრ მეცნ. აკად.
260 _aთბილისი
260 _bსაქ. სსრ მეცნ. აკადემიის გამ-ბა
260 _c1954
300 _a332გვ.25სმ.
520 _aთავფურც. და ტექსტი პარალ. ქართ., რუს. ენებზე. ტექსტის ბოლოს რეზ. რუს.
653 _aენათმეცნიერების ინსტიტუტის შრომები
942 _cBK
999 _c51093
_d51093